Тайните операции, които промениха света (Запис номер 165946)
[ съкратено ]
| 000 -Лидер | |
|---|---|
| Контролно поле с фиксирана дължина | 01737nam a2200445 c 4500 |
| 003 - Код на организацията, давaща контролен номер | |
| Контролно поле | BLK |
| 005 - Дата и час на последна редакция | |
| Контролно поле | 20230925172924.0 |
| 008 - Елементи от данни с фиксирана дължина | |
| fixed length control field | 180410b bul|||||r ||||||| ||bul|| |
| 010 ## - Наследен системен номер | |
| LC control number | KNG00173599000 |
| 020 ## - Международен стандартен номер на книга ISBN | |
| Международен стандартен номер на книга ISBN | 978-954-28-1666-9 |
| -- | издат.: Сиела Норма |
| 040 ## - Източник на каталожния запис | |
| Идентификатор на билиотеката - собственик на записа | BLK |
| 041 ## - Код за език | |
| Код за езика на текст/звукозапис или на отделно заглавие | Български |
| Код за езика КДБФ | Български |
| 072 #7 - Код за тематичната категория | |
| Код организация | bullib |
| Код за тематична категория | Н32 |
| Текст | Политика Н |
| 080 ## - УДК | |
| Текстов определител УДК | Шпионаж. Политическо влияние чрез тайни (разузнавателни) служби |
| УДК код - определител по УДК | 327.84 |
| УДК определител | (100)(091) |
| УДК - код + определител | 327.84(100)(091) |
| 100 1# - Редна дума - Автор | |
| Автор | Бояджиев, Тодор Костов |
| Авторска отговорност | първи автор |
| R(LIN) | 375081 |
| 139 ## - Редно поле | |
| Редна дума | Бояджиев, Тодор Костов |
| Авторски знак | Боя - Б 73 |
| 245 10 - Сведения за заглавието | |
| Заглавие | Тайните операции, които промениха света |
| Подзаглавни данни | Лиоте, Разцепващ фактор, Голгота |
| Редно поле (дума) | Тодор Костов Бояджиев. |
| 257 ## - Страна на издаване | |
| Страна на създаване/издаване | България |
| 260 ## - Област на издателските данни | |
| -- | София |
| Име на издателя, разпространителя и проч. | Сиела Норма |
| Година на издаване | 2015 |
| 300 ## - Физическа характеристика | |
| Страници | 156 с. |
| Илюстрации и др. | със сн. |
| Размери/Мащаб | 23 см |
| 380 ## - Жанр | |
| Жанр | Обществени науки |
| 490 1# - СЕРИИ (Колекции) | |
| Име на серия | Historia incognita |
| 500 ## - Общи забележки | |
| Забележка | Съдържа и за авт. |
| 650 #4 - Допълнително описание по предмет – тема | |
| Основно описание – тема или топоним | Тайни служби |
| 9 (RLIN) | 266564 |
| 650 #4 - Допълнително описание по предмет – тема | |
| Основно описание – тема или топоним | Разузнаване - история |
| 9 (RLIN) | 270054 |
| 651 #4 - Допълнително описание по предмет - топоним | |
| Географско понятие | Великобритания |
| 9 (RLIN) | 178698 |
| 651 #4 - Допълнително описание по предмет - топоним | |
| Географско понятие | САЩ |
| 9 (RLIN) | 179493 |
| 651 #4 - Допълнително описание по предмет - топоним | |
| Географско понятие | СССР |
| 9 (RLIN) | 179592 |
| 651 #4 - Допълнително описание по предмет - топоним | |
| Географско понятие | Русия |
| 9 (RLIN) | 179465 |
| 653 ## - Ключова дума – ненормативна | |
| Ключова дума | тайни служби |
| 653 ## - Ключова дума – ненормативна | |
| Ключова дума | разузнаване |
| 653 ## - Ключова дума – ненормативна | |
| Ключова дума | история |
| 659 ## - Тематичен бюлетин | |
| Тематичен бюлетин | Н |
| 852 ## - Местоположение | |
| Форматна сигнатура | Цб 273522 |
| 856 4# - Електронен адрес и достъп | |
| Електронен формат | pdf - файл |
| Път до файла /url/ | |
| 856 4# - Електронен адрес и достъп | |
| Електронен формат | pdf - файл |
| Път до файла /url/ | |
| 942 ## - АРТИКУЛИ | |
| Вид на библиотечния материал | Книги |
| Скрит в OPAC | Не |
| Koha issues (borrowed), all copies | 16 |
| 944 ## - СЪЗДАВАНЕ И РЕДАКЦИЯ на ЗАПИСА | |
| Създаване/Редакция | Създаване |
| Дата на регистрацията/редакция | 30.03.2015 |
| Статус, дата на статуса | Галина Якимова |
| Служител, извършил регистрацията/редакцията | 30564 |
| 944 ## - СЪЗДАВАНЕ И РЕДАКЦИЯ на ЗАПИСА | |
| Създаване/Редакция | Редакция |
| Дата на регистрацията/редакция | 16.03.2016 |
| Статус, дата на статуса | ф / |
| Служител, извършил регистрацията/редакцията | Людмила_Стоянова |
| 999 ## - СИСТЕМНИ КОНТРОЛНИ НОМЕРА | |
| Koha biblionumber | 165946 |
| Koha biblioitemnumber | 165946 |
| Код за отписване | Код за изгубен артикул | Код за повреда | Коз за рестрикции | Код за отдаване | Артикулен № | Име на библиотеката - собственик | Име на библиотеката, в която се намира в момента | Статус (Текущо местоположение) | Дата на вписване в системата | Местоположение - отдел | Цена в лева | Инвентарен номер | Систематично азбучна сигнатура | Баркод | Номер на екземпляра | Цена в евро | Служебна бележка | Служебен тип на артикула |
|---|---|---|---|---|---|---|---|---|---|---|---|---|---|---|---|---|---|---|
| Не е изгубен | Не е повреден | без рестрикции | заемане за дома | 279826 | Регионална библиотека "Любен Каравелов" Русе | Регионална библиотека "Любен Каравелов" Русе | Заемна - подръчен фонд | 2015-03-31 | Заемна - подръчен фонд | 9.36 | 120000786777 | П 327.8/Б 73 | 120000786777 | 1 | 4.79 | Дост: Pk Вид: Ф N: 480 Дата: 20.03.2015 Дата инв: 06.02.2018 Бележки инв: П2018 | Книги | |
| Не е изгубен | Не е повреден | без рестрикции | ползва се в читалня | 279827 | Регионална библиотека "Любен Каравелов" Русе | Регионална библиотека "Любен Каравелов" Русе | Хранилище | 2015-10-23 | Хранилище | 12.00 | 120000793985 | Цб 273522 | 120000793985 | 2 | 6.14 | Дост: Dp Вид: Д N: 38 Дата: 03.09.2015 | Книги | |
| Не е изгубен | Не е повреден | без рестрикции | заемане за дома | 279828 | Регионална библиотека "Любен Каравелов" Русе | Регионална библиотека "Любен Каравелов" Русе | Заемна - подръчен фонд | 2016-03-15 | Заемна - подръчен фонд | 6.00 | 120000798903 | П 327.8/Б 73 | 120000798903 | 3 | 3.07 | Дост: Pk Вид: Ф N: 1326 Дата: 03.03.2016 Дата инв: 06.02.2018 Бележки инв: П2018 | Книги |